| 000 | 00510nam a22002057a 4500 | ||
|---|---|---|---|
| 003 | OSt | ||
| 005 | 20140310184412.0 | ||
| 008 | 121113t xxu||||| |||| 00| 0 eng d | ||
| 020 | _a9780439236218 | ||
| 050 |
_aPZ 7 _b.D314 1958 |
||
| 100 | _aDefoe, Daniel | ||
| 245 |
_aRobinson Crusoe / _cDaniel Defoe. |
||
| 260 |
_aNew York : _bScholastic Inc., _c1958. |
||
| 300 |
_a125 p. : _bill. ; _c20 cm. |
||
| 521 | _aG10 | ||
| 526 | _c1320 | ||
| 942 |
_2lcc _cBK-SCHOLAS |
||
| 999 |
_c34111 _d34111 |
||